| 000 | 00810nas a2200253Ia 4500 | ||
|---|---|---|---|
| 001 | R809/50000 | ||
| 003 | IT-RoPAU | ||
| 008 | 151124c99999999xx |||||||||||| ||und|| | ||
| 040 | _aIT-RoPAU | ||
| 040 | _cIT-RoPAU | ||
| 041 | _aITALIANO | ||
| 100 |
_aAA.VV. _gCodice Aut. SPICS: 12000 |
||
| 210 | _aDRAMMA (IL) | ||
| 222 | _aDramma (Il) | ||
| 245 |
_aDRAMMA (IL), ANNO 13-N.271 (1 DICEMBRE 1937) _bDramma (Il), Anno 13-N.271 (1 Dicembre 1937) |
||
| 250 | _a1a ed. | ||
| 260 |
_aTORINO _bSOCIETA' EDITRICE TORINESE _c1937 |
||
| 501 |
_bPaulus - SPICS - Società San Paolo EM (non-commercial uses only) _cCopyright2015 |
||
| 300 | _a40 p. | ||
| 310 | _aQUINDICINALE | ||
| 362 | _aANNO 013, N.271 (1 DICEMBRE 1937) | ||
| 650 |
_aTEATRO - DANZA - DRAMMATURGIA _vPUBBLICAZIONE PERIODICA |
||
| 942 | _cCR | ||
| 999 |
_c132801 _d132801 |
||